Sustainable cassava : strategies from production through waste management /

Bibliographic Details
Corporate Author: ScienceDirect (Online service)
Other Authors: Ogwu, Matthew Chidozie
Format: eBook
Language:English
Published: London ; San Diego, CA : Academic Press, an imprint of Elsevier, [2024]
Series:Plant biology, sustainability, and climate change
Subjects:
Online Access:Connect to the full text of this electronic book

MARC

Tag First Indicator Second Indicator Subfields
LEADER 00000cam a2200000 i 4500
001 in00005773203
005 20260327175922.6
006 m o d
007 cr cnu---unuuu
008 240611s2024 enk ob 001 0 eng d
040 |a YDX  |b eng  |e rda  |c YDX  |d OPELS  |d OCLCO  |d YDX  |d N$T  |d OCLCL 
020 |a 0443217467  |q electronic book 
020 |a 9780443217463  |q (electronic bk.) 
020 |z 9780443217470 
020 |z 0443217475 
035 |a (OCoLC)1437526385 
050 4 |a SB211.C3  |b S87 2024 
082 0 4 |a 633.6/82  |2 23/eng/20240618 
049 |a TXAM 
245 0 0 |a Sustainable cassava :  |b strategies from production through waste management /  |c edited by Matthew Chidozie Ogwu [and more]. 
264 1 |a London ;  |a San Diego, CA :  |b Academic Press, an imprint of Elsevier,  |c [2024] 
300 |a 1 online resource 
336 |a text  |b txt  |2 rdacontent 
337 |a computer  |b c  |2 rdamedia 
338 |a online resource  |b cr  |2 rdacarrier 
490 0 |a Plant biology, sustainability, and climate change 
504 |a Includes bibliographical references and index. 
588 |a Description based on online resource; title from digital title page (viewed on July 09, 2024). 
650 0 |a Cassava. 
650 6 |a Manioc. 
650 7 |a cassava (starch)  |2 aat 
655 7 |a Electronic books.  |2 local 
700 1 |a Ogwu, Matthew Chidozie. 
710 2 |a ScienceDirect (Online service) 
776 0 8 |i Print version:  |z 0443217475  |z 9780443217470  |w (OCoLC)1406406860 
856 4 0 |u http://proxy.library.tamu.edu/login?url=https://www.sciencedirect.com/science/book/9780443217470  |z Connect to the full text of this electronic book  |t 0 
955 |a Elsevier ScienceDirect 2026-2027 
994 |a 92  |b TXA 
999 f f |i c485a763-bad7-42e7-86aa-fafd1309e835  |s 1bdd5774-83fd-4518-a402-a4b681fbe44a  |t 0 
952 f f |a Texas A&M University  |b College Station  |c Electronic Resources  |s www_evans  |d Available Online  |t 0  |e SB211.C3 S87 2024  |h Library of Congress classification 
998 f f |a SB211.C3 S87 2024  |t 0  |l Available Online